[Event "Aeroflot Open Rapid Qualifier 2013"]
[Site "Moscow RUS"]
[Date "2013.02.13"]
[Round "5.2"]
[White "Eljanov, Pavel"]
[Black "Sjugirov, Sanan"]
[Result "1/2-1/2"]
[WhiteTitle "GM"]
[BlackTitle "GM"]
[WhiteElo "2678"]
[BlackElo "2646"]
[WhiteFideId "14102951"]
[BlackFideId "4189302"]
[EventDate "2013.02.12"]

1. d4 e6 2. c4 Nf6 3. Nc3 Bb4 4. e3 O-O 5. Bd3 c5 6. Nf3 d5 7. O-O dxc4 8. Bxc4
Nbd7 9. a3 Ba5 10. Bd2 cxd4 11. exd4 a6 12. Ba2 b5 13. d5 exd5 14. b4 Bc7 15.
Nxd5 Nxd5 16. Bxd5 Rb8 17. Bc3 Nf6 18. Ba2 Bb7 19. Re1 Ne4 20. Bd4 Qd6 21. Qc2
Rbc8 22. Be5 Qb6 23. Bxc7 Rxc7 24. Qb2 Nc3 25. Re3 Nxa2 26. Qxa2 Bxf3 27. Rxf3
Re8 1/2-1/2

[Event "Aeroflot Open Rapid Qualifier 2013"]
[Site "Moscow RUS"]
[Date "2013.02.13"]
[Round "5.3"]
[White "Mamedov, Rauf"]
[Black "Ganguly, Surya Shekhar"]
[Result "1-0"]
[WhiteTitle "GM"]
[BlackTitle "GM"]
[WhiteElo "2651"]
[BlackElo "2626"]
[WhiteFideId "13401653"]
[BlackFideId "5002150"]
[EventDate "2013.02.12"]

1. Nf3 Nf6 2. c4 e6 3. g3 Be7 4. Bg2 O-O 5. O-O d5 6. b3 c5 7. cxd5 exd5 8. d4
Nc6 9. Bb2 Bg4 10. dxc5 Bxc5 11. Nc3 Re8 12. Rc1 Bb4 13. h3 Bh5 14. a3 Bxc3 15.
Bxc3 Ne4 16. Bb2 Qb6 17. g4 Bg6 18. Nd4 Rac8 19. e3 h6 20. Ne2 Nc5 21. Nf4 Nxb3
22. Nxd5 Qb5 23. a4 Qd3 24. Rc3 Qxd1 25. Rxd1 Nba5 26. Nf4 Rcd8 27. Rxd8 Rxd8
28. Bd5 Nb4 29. e4 Nxd5 30. exd5 Rd7 31. h4 Kh7 32. Ba3 Be4 33. d6 Bc6 34. Bb4
Bxa4 35. Bxa5 Rxd6 36. Rc7 Rd7 37. f3 b6 38. Rxd7 Bxd7 39. Bc3 Bc6 40. Kf2 g5
41. Ng2 gxh4 42. Nxh4 a5 43. Nf5 a4 44. Bb4 Bd7 45. Nd6 Be6 46. Nb5 Kg6 47. Ke3
h5 48. gxh5+ Kxh5 49. Ke4 Kg6 50. Ke5 Bc4 51. Nd4 Kg5 52. f4+ Kg6 53. f5+ Kg7
54. Nc6 Bd3 55. Ne7 Bc4 56. Nc8 b5 57. Nd6 Bd3 58. Ne8+ Kg8 59. Kf6 Bc4 60. Nd6
Bb3 61. Nxb5 Bc4 62. Nc3 Bb3 63. Ne4 Bd5 64. Nc5 Bc6 65. Nd3 Be4 66. Ne5 Bd5 67.
Ng4 Kh7 68. Ne5 Kg8 69. Ke7 Bb3 70. Ng4 Kg7 71. Bc3+ Kh7 72. Kf8 a3 73. Nf6+ Kh8
74. Bd2 1-0

[Event "Aeroflot Open Rapid Qualifier 2013"]
[Site "Moscow RUS"]
[Date "2013.02.13"]
[Round "5.5"]
[White "Fressinet, Laurent"]
[Black "Guseinov, Gadir"]
[Result "1/2-1/2"]
[WhiteTitle "GM"]
[BlackTitle "GM"]
[WhiteElo "2706"]
[BlackElo "2623"]
[WhiteFideId "608742"]
[BlackFideId "13401378"]
[EventDate "2013.02.12"]

1. d4 Nf6 2. Nf3 g6 3. c4 Bg7 4. Nc3 d6 5. e4 O-O 6. Be2 Na6 7. O-O e5 8. Be3 c6
9. dxe5 dxe5 10. Qxd8 Rxd8 11. h3 Nh5 12. Rfd1 Re8 13. a3 h6 14. b4 Nf4 15. Bf1
Nc7 16. c5 g5 17. Nd2 Be6 18. Nc4 Bxc4 19. Bxc4 Rad8 20. b5 Nce6 21. Rab1 Nd4
22. Kf1 Bf8 23. bxc6 bxc6 24. Rb7 Re7 25. Rdb1 Red7 26. g3 Nfe6 27. Rxd7 Rxd7
28. Rb8 Nxc5 29. h4 Nce6 30. hxg5 hxg5 31. a4 Kg7 32. a5 Bd6 33. Rb2 Ba3 34. Rb8
Bd6 35. Rb2 Ba3 36. Rb8 1/2-1/2

[Event "Aeroflot Open Rapid Qualifier 2013"]
[Site "Moscow RUS"]
[Date "2013.02.13"]
[Round "5.6"]
[White "Le, Quang Liem"]
[Black "Ponkratov, Pavel"]
[Result "0-1"]
[WhiteTitle "GM"]
[BlackTitle "GM"]
[WhiteElo "2705"]
[BlackElo "2584"]
[WhiteFideId "12401137"]
[BlackFideId "4157800"]
[EventDate "2013.02.12"]

1. Nf3 Nf6 2. c4 e6 3. g3 d5 4. Bg2 a6 5. d4 dxc4 6. O-O Nc6 7. e3 Rb8 8. Nfd2
Bd7 9. Nxc4 b5 10. Ne5 Nxe5 11. dxe5 Nd5 12. b3 Bc6 13. Bb2 Be7 14. Nd2 O-O 15.
Ne4 b4 16. Qg4 Kh8 17. Rfd1 Qe8 18. Rac1 Ba8 19. Bd4 Rd8 20. Rd2 Qb5 21. Rdc2 a5
22. Qh5 Qe8 23. Qe2 a4 24. Qa6 a3 25. Nc5 Rb8 26. Na4 c6 27. Bc5 Qd8 28. Rd1
Bxc5 29. Nxc5 Qc7 30. e4 Nc3 31. Rd6 Rb5 32. Nd7 Bb7 33. Qa7 Ra8 34. Qd4 c5 35.
Qd3 Ba6 36. Rd2 h6 37. Qe3 c4 38. bxc4 Ra5 39. c5 Bc4 40. Qd4 Be2 41. Qxb4 Rb5 0-1

[Event "Aeroflot Open Rapid Qualifier 2013"]
[Site "Moscow RUS"]
[Date "2013.02.13"]
[Round "5.7"]
[White "Riazantsev, Alexander"]
[Black "Chadaev, Nikolai"]
[Result "1/2-1/2"]
[WhiteTitle "GM"]
[BlackTitle "GM"]
[WhiteElo "2705"]
[BlackElo "2582"]
[WhiteFideId "4125029"]
[BlackFideId "4167392"]
[EventDate "2013.02.12"]

1. d4 Nf6 2. c4 e6 3. Nf3 d5 4. Nc3 Be7 5. cxd5 exd5 6. Qc2 c6 7. h3 O-O 8. Bf4
Na6 9. e3 Nb4 10. Qb1 g6 11. g4 a5 12. a3 Na6 13. Bg2 Nc7 14. O-O h5 15. g5 Nh7
16. h4 Bf5 17. Qc1 Ne6 18. Ne2 f6 19. gxf6 Bxf6 20. Bg3 Kg7 21. Nf4 Nxf4 22.
exf4 Re8 23. Qd2 Nf8 24. Rfe1 1/2-1/2

[Event "Aeroflot Open Rapid Qualifier 2013"]
[Site "Moscow RUS"]
[Date "2013.02.13"]
[Round "5.8"]
[White "Nyzhnyk, Illya"]
[Black "Efimenko, Zahar"]
[Result "1/2-1/2"]
[WhiteTitle "GM"]
[BlackTitle "GM"]
[WhiteElo "2637"]
[BlackElo "2696"]
[WhiteFideId "14118084"]
[BlackFideId "14107201"]
[EventDate "2013.02.12"]

1. d4 Nf6 2. c4 e6 3. Nf3 b6 4. g3 Bb4+ 5. Bd2 Bxd2+ 6. Qxd2 Ba6 7. b3 d5 8. Bg2
O-O 9. O-O Nbd7 10. Ne5 c5 11. Nc3 cxd4 12. Qxd4 Nxe5 13. Qxe5 Rc8 14. cxd5 Qc7
15. Qxc7 Rxc7 16. Ne4 Nxd5 17. Bf3 h6 18. Rfd1 f5 19. Nd6 Nc3 20. Rdc1 Nxe2+ 21.
Bxe2 Rxc1+ 22. Rxc1 Bxe2 23. f4 Ba6 1/2-1/2

[Event "Aeroflot Open Rapid Qualifier 2013"]
[Site "Moscow RUS"]
[Date "2013.02.13"]
[Round "5.9"]
[White "Aleksandrov, Aleksej"]
[Black "Kokarev, Dmitry"]
[Result "0-1"]
[WhiteTitle "GM"]
[BlackTitle "GM"]
[WhiteElo "2604"]
[BlackElo "2635"]
[WhiteFideId "13500139"]
[BlackFideId "4132181"]
[EventDate "2013.02.12"]

1. d4 Nf6 2. c4 g6 3. Nc3 Bg7 4. e4 d6 5. h3 O-O 6. Be3 c5 7. d5 e6 8. Bd3 exd5
9. exd5 Na6 10. Nf3 Nb4 11. Bb1 b5 12. a3 Qa5 13. O-O bxc4 14. Qd2 Nd3 15. Bh6
Rb8 16. Bxg7 Kxg7 17. Ra2 Re8 18. Rd1 Ba6 19. Nh4 h6 20. g4 Qd8 21. g5 Nh7 22.
gxh6+ Kg8 23. Nf3 Qf6 24. Bxd3 cxd3 25. Kg2 Bc4 26. Raa1 Re2 27. Nxe2 dxe2 28.
Rdc1 Rxb2 29. Qc3 e1=N+ 30. Qxe1 Bxd5 31. Qc3 Rb3 32. Qxf6 Nxf6 0-1

[Event "Aeroflot Open Rapid Qualifier 2013"]
[Site "Moscow RUS"]
[Date "2013.02.13"]
[Round "5.10"]
[White "Jobava, Baadur"]
[Black "Yilmaz, Mustafa"]
[Result "1-0"]
[WhiteTitle "GM"]
[BlackTitle "GM"]
[WhiteElo "2702"]
[BlackElo "2531"]
[WhiteFideId "13601520"]
[BlackFideId "6302718"]
[EventDate "2013.02.12"]

1. b3 b6 2. Bb2 Bb7 3. e3 e6 4. Nf3 Nf6 5. Nc3 d5 6. a4 a6 7. d4 Bb4 8. Nd2 O-O
9. Bd3 Nbd7 10. O-O e5 11. Bf5 Re8 12. Qf3 e4 13. Qd1 Nf8 14. Ne2 g6 15. Bh3 h5
16. Ba3 Bxa3 17. Rxa3 N8h7 18. a5 Ng5 19. Nf4 Nxh3+ 20. Nxh3 Ng4 21. Nf4 Qd6 22.
Ra1 g5 23. h3 gxf4 24. hxg4 Bc8 25. exf4 Bxg4 26. Qe1 Qxf4 27. Qe3 Qd6 28. c4
Kh7 29. cxd5 f5 30. Nc4 Qg6 31. Qg3 Be2 32. Qxc7+ Kh8 33. Ne5 Qf6 34. Rfc1 Re7 1-0

[Event "Aeroflot Open Rapid Qualifier 2013"]
[Site "Moscow RUS"]
[Date "2013.02.13"]
[Round "5.13"]
[White "Khusnutdinov, Rustam"]
[Black "Khismatullin, Denis"]
[Result "1/2-1/2"]
[WhiteTitle "GM"]
[BlackTitle "GM"]
[WhiteElo "2493"]
[BlackElo "2655"]
[WhiteFideId "13701703"]
[BlackFideId "4142578"]
[EventDate "2013.02.12"]

1. d4 Nf6 2. c4 e6 3. Nc3 d5 4. Bg5 Be7 5. e3 Nbd7 6. Nf3 O-O 7. Qc2 h6 8. cxd5
exd5 9. Bf4 c6 10. h3 Ne8 11. Bd3 Bd6 12. Bxd6 Nxd6 13. O-O Re8 14. b4 Nb6 15.
Ne5 Nd7 16. Nf3 Nb6 17. b5 cxb5 18. Nxb5 Nxb5 19. Bxb5 Bd7 20. Qb3 Bxb5 21. Qxb5
Qd6 22. Rfc1 Nc4 23. Ne5 Nxe5 24. dxe5 Qxe5 25. Qxb7 d4 26. exd4 Qxd4 27. Rd1
Qb6 28. Rab1 Qf6 29. Rb3 a5 30. Rf3 Qe6 31. a4 Rad8 32. Rxd8 Rxd8 33. Re3 Qc4
34. Qe4 Rd4 35. Qa8+ Kh7 36. Qxa5 Rd1+ 37. Re1 Rxe1+ 38. Qxe1 Qxa4 1/2-1/2

[Event "Aeroflot Open Rapid Qualifier 2013"]
[Site "Moscow RUS"]
[Date "2013.02.13"]
[Round "5.14"]
[White "Vaisser, Anatoly"]
[Black "Sasikiran, Krishnan"]
[Result "0-1"]
[WhiteTitle "GM"]
[BlackTitle "GM"]
[WhiteElo "2548"]
[BlackElo "2677"]
[WhiteFideId "603252"]
[BlackFideId "5004985"]
[EventDate "2013.02.12"]

1. d4 Nf6 2. c4 e6 3. Nc3 Bb4 4. e3 O-O 5. Bd3 d5 6. Nf3 c5 7. O-O dxc4 8. Bxc4
Nc6 9. Qe2 cxd4 10. Rd1 e5 11. exd4 exd4 12. Bg5 Re8 13. Bxf6 gxf6 14. Qc2 Ne5
15. Nxe5 Rxe5 16. Bxf7+ Kg7 17. Nd5 Rxd5 18. Bxd5 Qxd5 19. Qc7+ Kg6 20. Rd3 Bd6
21. Qc1 Bf5 22. Rf3 Rc8 23. Qd1 d3 24. g4 Be4 25. Rh3 d2 26. Rh5 Qd3 0-1

[Event "Aeroflot Open Rapid Qualifier 2013"]
[Site "Moscow RUS"]
[Date "2013.02.13"]
[Round "5.15"]
[White "Gabrielian, Artur"]
[Black "Zvjaginsev, Vadim"]
[Result "1/2-1/2"]
[WhiteTitle "GM"]
[BlackTitle "GM"]
[WhiteElo "2579"]
[BlackElo "2658"]
[WhiteFideId "4131002"]
[BlackFideId "4113403"]
[EventDate "2013.02.12"]

1. d4 d5 2. Nf3 Nf6 3. c4 e6 4. Nc3 Be7 5. Bg5 O-O 6. e3 Nbd7 7. Rc1 h6 8. Bh4
c6 9. a3 a6 10. cxd5 cxd5 11. Bd3 b5 12. O-O Bb7 13. Ne5 Nxe5 14. dxe5 Ne4 15.
Bxe4 dxe4 16. Bxe7 Qxe7 17. Qg4 b4 1/2-1/2

[Event "Aeroflot Open Rapid Qualifier 2013"]
[Site "Moscow RUS"]
[Date "2013.02.13"]
[Round "6.2"]
[White "Ponkratov, Pavel"]
[Black "Eljanov, Pavel"]
[Result "1/2-1/2"]
[WhiteTitle "GM"]
[BlackTitle "GM"]
[WhiteElo "2584"]
[BlackElo "2678"]
[WhiteFideId "4157800"]
[BlackFideId "14102951"]
[EventDate "2013.02.12"]

1. e4 e5 2. Nf3 Nc6 3. Bc4 Bc5 4. c3 Nf6 5. d3 d6 6. Nbd2 h6 7. Bb3 a6 8. Nc4
Be6 9. O-O Ba7 10. Be3 O-O 11. Bxa7 1/2-1/2

[Event "Aeroflot Open Rapid Qualifier 2013"]
[Site "Moscow RUS"]
[Date "2013.02.13"]
[Round "6.3"]
[White "Kokarev, Dmitry"]
[Black "Inarkiev, Ernesto"]
[Result "1/2-1/2"]
[WhiteTitle "GM"]
[BlackTitle "GM"]
[WhiteElo "2635"]
[BlackElo "2688"]
[WhiteFideId "4132181"]
[BlackFideId "4162722"]
[EventDate "2013.02.12"]

1. e4 e5 2. Nf3 Nc6 3. Bb5 a6 4. Ba4 Nf6 5. O-O Be7 6. Re1 b5 7. Bb3 O-O 8. c3
d6 9. h3 Re8 10. d4 Bb7 11. Nbd2 Bf8 12. d5 Nb8 13. Nf1 Nbd7 14. N3h2 Nc5 15.
Bc2 c6 16. b4 Ncd7 17. dxc6 Bxc6 18. Bg5 Qc7 19. Bxf6 Nxf6 20. Ng4 Nxg4 21. hxg4
Be7 22. Ne3 Bg5 23. Nd5 Bxd5 24. Qxd5 Qxc3 25. Bb3 Ra7 26. Qxd6 Rd8 27. Qb6 Qd4
28. Qxd4 Rxd4 29. a3 Rc7 30. Bd5 g6 31. Red1 Bd2 32. Kf1 Bc3 33. Rdc1 Kg7 34.
Ra2 f5 35. gxf5 gxf5 36. f3 fxe4 37. Bxe4 a5 38. Rac2 axb4 39. axb4 Rdc4 40. Bd3
Bd2 41. Bxc4 Bxc1 42. Rxc1 bxc4 43. Ke2 Kf6 44. Kd2 h5 45. Kc3 h4 46. Re1 Ke6
47. Re4 h3 48. gxh3 Kd5 49. Re1 Rf7 50. Rd1+ Kc6 51. Kxc4 Rf4+ 52. Kc3 Rxf3+ 53.
Rd3 Rf4 54. Kb3 e4 55. Rd4 Rf3+ 56. Kc4 Rxh3 57. Rxe4 1/2-1/2

[Event "Aeroflot Open Rapid Qualifier 2013"]
[Site "Moscow RUS"]
[Date "2013.02.13"]
[Round "6.6"]
[White "Frolyanov, Dmitry"]
[Black "Jobava, Baadur"]
[Result "1/2-1/2"]
[WhiteTitle "GM"]
[BlackTitle "GM"]
[WhiteElo "2563"]
[BlackElo "2702"]
[WhiteFideId "4151976"]
[BlackFideId "13601520"]
[EventDate "2013.02.12"]

1. e4 e6 2. d4 d5 3. Nc3 Nc6 4. Nf3 Nf6 5. exd5 exd5 6. Bd3 Bg4 7. Be3 Bh5 8.
Ne2 Bxf3 9. gxf3 Qd7 10. c3 O-O-O 11. Qc2 g6 12. O-O-O h5 13. Kb1 Bh6 14. Qd2
Ng8 15. h3 Nce7 16. Nc1 Nf5 17. Nb3 b6 18. c4 dxc4 19. Bxc4 Kb8 20. Qc3 Nge7 21.
d5 Qa4 22. Bxh6 Rxh6 23. Rhe1 Rhh8 24. d6 cxd6 25. Bxf7 Rhf8 26. Be6 Qc6 27. Qd3
d5 28. Rc1 Qd6 29. Qb5 Ka8 30. Qa6 Kb8 31. Qb5 Ka8 32. Qa6 Kb8 1/2-1/2

[Event "Aeroflot Open Rapid Qualifier 2013"]
[Site "Moscow RUS"]
[Date "2013.02.13"]
[Round "6.7"]
[White "Sasikiran, Krishnan"]
[Black "Kazhgaleyev, Murtas"]
[Result "0-1"]
[WhiteTitle "GM"]
[BlackTitle "GM"]
[WhiteElo "2677"]
[BlackElo "2594"]
[WhiteFideId "5004985"]
[BlackFideId "13700316"]
[EventDate "2013.02.12"]

1. d4 d5 2. c4 c6 3. Nc3 Nf6 4. cxd5 cxd5 5. Bf4 Nc6 6. e3 e6 7. Bd3 Be7 8. h3
O-O 9. Nf3 a6 10. O-O b5 11. a4 b4 12. Nb1 Bd6 13. Bg5 h6 14. Bh4 e5 15. dxe5
Nxe5 16. Nxe5 Bxe5 17. Qc1 g5 18. f4 gxh4 19. fxe5 Nd7 20. Qc6 Qg5 21. Qxa8 Nc5 0-1

[Event "Aeroflot Open Rapid Qualifier 2013"]
[Site "Moscow RUS"]
[Date "2013.02.13"]
[Round "6.8"]
[White "Maletin, Pavel"]
[Black "Riazantsev, Alexander"]
[Result "1-0"]
[WhiteTitle "GM"]
[BlackTitle "GM"]
[WhiteElo "2571"]
[BlackElo "2705"]
[WhiteFideId "4146786"]
[BlackFideId "4125029"]
[EventDate "2013.02.12"]

1. Nf3 Nf6 2. c4 e6 3. g3 d5 4. Bg2 Be7 5. O-O O-O 6. d4 dxc4 7. Qa4 a6 8. Qxc4
b5 9. Qc2 Bb7 10. Bd2 Be4 11. Qc1 c6 12. Rd1 Nbd7 13. Be3 Nd5 14. Nc3 Bg6 15.
Bg5 Rc8 16. Bxe7 Qxe7 17. Qd2 N5b6 18. Nh4 Bh5 19. b3 Rfd8 20. Rac1 Nf6 21. Ne4
Nxe4 22. Bxe4 c5 23. Qa5 Nd5 24. dxc5 Bxe2 25. Re1 Bg4 26. b4 Rc6 27. a4 bxa4
28. b5 Qc7 29. Qxc7 Rxc7 30. b6 Rc6 31. f3 Bh5 32. Nf5 Kf8 33. Nd4 Rcc8 34. b7
Rc7 35. Bxd5 exd5 36. c6 Rb8 37. Ra1 Bg6 38. Rxa4 Bd3 39. Ra3 Bb5 40. Rae3 Bxc6
41. Nxc6 Rxc6 42. Re8+ Rxe8 43. Rxe8+ Kxe8 44. b8=Q+ Kd7 45. Qb7+ 1-0

[Event "Aeroflot Open Rapid Qualifier 2013"]
[Site "Moscow RUS"]
[Date "2013.02.13"]
[Round "6.9"]
[White "Efimenko, Zahar"]
[Black "Evdokimov, Alexander A."]
[Result "1-0"]
[WhiteTitle "GM"]
[BlackTitle "GM"]
[WhiteElo "2696"]
[BlackElo "2558"]
[WhiteFideId "14107201"]
[BlackFideId "4139275"]
[EventDate "2013.02.12"]

1. Nf3 c5 2. g3 g6 3. Bg2 Bg7 4. O-O Nc6 5. c4 Nh6 6. Nc3 Nf5 7. d3 O-O 8. a3 b6
9. Bd2 Bb7 10. Rb1 d6 11. b4 Qd7 12. Ne4 Rab8 13. e3 Ne5 14. Nxe5 Bxe5 15. Qc2
Bg7 16. Bc3 e5 17. Rb2 Ne7 18. f4 f5 19. Ng5 Bxg2 20. Qxg2 h6 21. Nh3 Qc6 22.
Qxc6 Nxc6 23. b5 Nd8 24. a4 Ne6 25. a5 Rfe8 26. axb6 axb6 27. Ra1 exf4 28. Bxg7
Nxg7 29. Nxf4 Rxe3 30. Ra7 g5 31. Nd5 Re6 32. Rba2 f4 33. gxf4 Rf8 34. Ra8 Ne8
35. fxg5 hxg5 36. Rf2 Rxf2 37. Kxf2 Kf7 38. Nxb6 Nf6 39. Nc8 Ng4+ 40. Kg3 Nh6
41. b6 Re3+ 42. Kg2 Re2+ 43. Kf1 Rb2 44. b7 Ng4 45. b8=Q Nxh2+ 46. Ke1 Nf3+ 47.
Kd1 1-0

[Event "Aeroflot Open Rapid Qualifier 2013"]
[Site "Moscow RUS"]
[Date "2013.02.13"]
[Round "6.11"]
[White "Chadaev, Nikolai"]
[Black "Popov, Ivan RUS"]
[Result "1-0"]
[WhiteTitle "GM"]
[BlackTitle "GM"]
[WhiteElo "2582"]
[BlackElo "2627"]
[WhiteFideId "4167392"]
[BlackFideId "4170350"]
[EventDate "2013.02.12"]

1. d4 d5 2. Nf3 Nf6 3. c4 c6 4. Nc3 e6 5. Bg5 dxc4 6. a4 Bb4 7. e4 Bxc3+ 8. bxc3
Qa5 9. e5 Ne4 10. Bd2 Qd5 11. Qc2 c5 12. Be3 cxd4 13. cxd4 Qa5+ 14. Nd2 Nxd2 15.
Bxd2 Qd5 16. Bxc4 Qxd4 17. O-O Nc6 18. Bb5 Bd7 19. Be3 Qxe5 20. Rad1 a6 21. Be2
Qc7 22. Qc5 Qa5 23. Qa3 Qb4 24. Qa1 O-O-O 25. Rb1 Qe7 26. Qb2 Be8 27. Rfc1 a5
28. Ba6 Qb4 29. Qxg7 1-0

[Event "Aeroflot Open Rapid Qualifier 2013"]
[Site "Moscow RUS"]
[Date "2013.02.13"]
[Round "6.12"]
[White "Shimanov, Aleksandr"]
[Black "Ipatov, Alexander"]
[Result "1/2-1/2"]
[WhiteTitle "GM"]
[BlackTitle "GM"]
[WhiteElo "2640"]
[BlackElo "2569"]
[WhiteFideId "4198603"]
[BlackFideId "14116731"]
[EventDate "2013.02.12"]

1. d4 d5 2. c4 c6 3. cxd5 cxd5 4. Bf4 Nf6 5. Nc3 Nc6 6. e3 a6 7. Rc1 e6 8. Bd3
Bd6 9. Bxd6 Qxd6 10. f4 O-O 11. Nf3 b5 12. O-O Bb7 13. Ne5 Ne7 14. Qf3 Rac8 15.
g4 b4 16. Na4 Ne4 17. Bxe4 dxe4 18. Qe2 Bd5 19. Nc5 a5 20. f5 exf5 21. gxf5 f6
22. Nc4 Bxc4 23. Rxc4 Qd5 24. Rfc1 Nxf5 25. Nb3 Rxc4 26. Rxc4 Qb5 27. Kf2 a4 28.
Nd2 Nd6 29. Rc5 Qd7 30. Nc4 Qh3 31. Rh5 Qe6 32. Nxd6 Qxd6 33. Qc4+ Rf7 34. Qc8+
Rf8 35. Qc4+ Kh8 36. Qc5 Qb8 37. Qf5 h6 38. Qxe4 Qc7 39. Qg6 b3 40. axb3 axb3
41. Qd3 f5 42. Qxb3 f4 43. e4 Qc1 44. Qc3 Qb1 45. d5 Rb8 46. b4 Qxe4 1/2-1/2

[Event "Aeroflot Open Rapid Qualifier 2013"]
[Site "Moscow RUS"]
[Date "2013.02.13"]
[Round "6.13"]
[White "Ganguly, Surya Shekhar"]
[Black "Vorobiov, Evgeny E."]
[Result "1/2-1/2"]
[WhiteTitle "GM"]
[BlackTitle "GM"]
[WhiteElo "2626"]
[BlackElo "2584"]
[WhiteFideId "5002150"]
[BlackFideId "4121341"]
[EventDate "2013.02.12"]

1. d4 d5 2. c4 dxc4 3. e3 Nf6 4. Bxc4 e6 5. Nf3 c5 6. O-O a6 7. Bb3 Nc6 8. Nc3
cxd4 9. exd4 Be7 10. Bg5 O-O 11. Qd2 Na5 12. Bc2 b5 13. Rad1 Bb7 14. Qf4 Nh5 15.
Qh4 Bxg5 16. Nxg5 g6 17. g4 Nf6 18. Qh6 Rc8 19. Rd3 Re8 20. Rh3 Qxd4 21. Be4 Rc5
22. Nf3 Rxc3 23. Nxd4 Rxh3 24. Qxh3 Nxe4 25. b3 e5 26. Nf3 Nc6 27. Re1 Nf6 28.
Qg3 h5 29. h3 hxg4 30. hxg4 e4 31. Qc7 Re7 32. Qf4 Nd5 33. Qg3 exf3 34. Rxe7
Ndxe7 35. Qxf3 b4 36. Qe3 Bc8 37. f3 a5 38. Kf2 Be6 39. Qc5 f5 40. gxf5 Bxf5 41.
Kg3 Kf7 42. Kf4 Ke6 43. Kg5 Kd7 44. Kf6 Ng8+ 45. Kf7 Nge7 46. Kf6 Ng8+ 47. Kg5
Nge7 48. Kf6 Ng8+ 49. Kf7 Nge7 50. Kg7 Ke6 51. Kf8 Kd7 52. Kg7 1/2-1/2

[Event "Aeroflot Open Rapid Qualifier 2013"]
[Site "Moscow RUS"]
[Date "2013.02.13"]
[Round "6.15"]
[White "Guseinov, Gadir"]
[Black "Firat, Burak"]
[Result "1-0"]
[WhiteTitle "GM"]
[BlackTitle "IM"]
[WhiteElo "2623"]
[BlackElo "2406"]
[WhiteFideId "13401378"]
[BlackFideId "6305881"]
[EventDate "2013.02.12"]

1. e4 e6 2. d4 d5 3. Nd2 c5 4. Ngf3 Nf6 5. exd5 exd5 6. Bb5+ Bd7 7. Bxd7+ Nbxd7
8. O-O Be7 9. dxc5 Nxc5 10. Nd4 Qd7 11. Qf3 O-O 12. Nf5 Bd8 13. Nb3 Ne6 14. Be3
Qc7 15. c3 Qe5 16. Rad1 Re8 17. Rfe1 Bc7 18. g3 Ne4 19. Kg2 Rad8 20. h4 a6 21.
Bc1 b5 22. Qg4 g6 23. Nfd4 Qf6 24. Qf3 Qxf3+ 25. Nxf3 a5 26. a3 Rd6 27. Nbd4 Rb8
28. Ne5 Nxd4 29. Rxd4 Rbd8 30. Be3 Nc5 31. Nxf7 Kxf7 32. Rf4+ Rf6 33. Rxf6+ Kxf6
34. Bxc5 Rd7 35. g4 h5 36. Bd4+ Kf7 37. gxh5 gxh5 38. Re3 Re7 39. Rf3+ Kg6 40.
Rf6+ Kh7 41. Rf5 Kg6 42. Rg5+ Kh6 43. Rxd5 Re4 44. Be3+ Kg6 45. Rg5+ Kf6 46.
Rxb5 1-0

[Event "Aeroflot Open Rapid Qualifier 2013"]
[Site "Moscow RUS"]
[Date "2013.02.13"]
[Round "6.16"]
[White "Smirnov, Pavel"]
[Black "Shomoev, Anton"]
[Result "1/2-1/2"]
[WhiteTitle "GM"]
[BlackTitle "GM"]
[WhiteElo "2618"]
[BlackElo "2557"]
[WhiteFideId "4123425"]
[BlackFideId "4135148"]
[EventDate "2013.02.12"]

1. e4 e5 2. Nf3 Nc6 3. Bb5 Nf6 4. O-O Nxe4 5. Re1 Nd6 6. Nxe5 Be7 7. Bf1 Nxe5 8.
Rxe5 O-O 9. d4 Bf6 10. Re1 Nf5 11. c3 d5 12. Nd2 c6 13. Nf3 Nd6 14. Bd3 Bf5 15.
Bf4 1/2-1/2

[Event "Aeroflot Open Rapid Qualifier 2013"]
[Site "Moscow RUS"]
[Date "2013.02.13"]
[Round "7.3"]
[White "Eljanov, Pavel"]
[Black "Chadaev, Nikolai"]
[Result "1/2-1/2"]
[WhiteTitle "GM"]
[BlackTitle "GM"]
[WhiteElo "2678"]
[BlackElo "2582"]
[WhiteFideId "14102951"]
[BlackFideId "4167392"]
[EventDate "2013.02.12"]

1. d4 d6 2. Nf3 Nf6 3. c4 g6 4. Nc3 Bg7 5. e4 O-O 6. Be2 Bg4 7. O-O Nfd7 8. Be3
c5 9. d5 Na6 10. h3 Bxf3 11. Bxf3 Nc7 12. Be2 a6 13. a4 Re8 14. Qd2 e6 15. Rfe1
exd5 16. exd5 f5 17. a5 Rb8 18. Bd1 b5 19. axb6 Nxb6 20. Be2 Bf8 1/2-1/2

[Event "Aeroflot Open Rapid Qualifier 2013"]
[Site "Moscow RUS"]
[Date "2013.02.13"]
[Round "7.4"]
[White "Gupta, Abhijeet"]
[Black "Efimenko, Zahar"]
[Result "1/2-1/2"]
[WhiteTitle "GM"]
[BlackTitle "GM"]
[WhiteElo "2612"]
[BlackElo "2696"]
[WhiteFideId "5010608"]
[BlackFideId "14107201"]
[EventDate "2013.02.12"]

1. d4 Nf6 2. c4 e6 3. g3 d5 4. Bg2 Bb4+ 5. Bd2 Be7 6. Nf3 c6 7. O-O Nbd7 8. Qc2
O-O 9. b3 b6 10. Bf4 Ba6 11. Rd1 Rc8 12. Nc3 h6 13. e4 dxc4 14. Ne2 cxb3 15.
axb3 Bxe2 16. Qxe2 a5 17. Nd2 b5 18. Nf1 Bb4 19. g4 Bc3 20. Rac1 b4 21. g5 hxg5
22. Bxg5 Qb6 23. e5 Nd5 24. Qg4 Bxd4 25. Rxd4 Nxe5 26. Qe4 Ng6 27. Be3 Nc3 28.
Qg4 c5 29. Rd2 Qb5 30. h4 Ne5 31. Qg3 f6 32. h5 Ne2+ 33. Rxe2 Qxe2 34. h6 Qg4
35. hxg7 Qxg7 36. Rxc5 Qxg3 37. Nxg3 Rxc5 38. Bxc5 Rc8 39. Bb6 Rc1+ 40. Kh2 a4
41. bxa4 b3 42. Bd4 Rc4 43. Ne2 Rxa4 44. Bxe5 fxe5 45. Nc3 b2 46. Nxa4 b1=Q 47.
Nc3 Qd3 48. Ne4 Kg7 49. Kg1 Kg6 50. f3 Qd1+ 51. Kh2 Qe1 52. Ng3 Kg5 53. Ne4+ Kf4
54. Bh1 Ke3 55. Bg2 Qh4+ 56. Kg1 Ke2 57. Bh1 Qe1+ 58. Kh2 Ke3 59. Bg2 Qe2 60.
Kg1 Qe1+ 61. Kh2 Qh4+ 62. Kg1 Qh6 63. Bh1 Kd3 64. Bg2 Ke2 65. Nc3+ Ke1 66. Ne4
Qh8 67. Bh1 Qg7+ 68. Bg2 Qg6 69. Kh2 Qh6+ 1/2-1/2